Koen chog sum / (Record no. 4568)

MARC details
000 -LEADER
fixed length control field 00476cam a2200169 4500
001 - CONTROL NUMBER
control field 5434
005 - DATE AND TIME OF LATEST TRANSACTION
control field 20181127175527.0
008 - FIXED-LENGTH DATA ELEMENTS--GENERAL INFORMATION
fixed length control field 081007s2007 bt 000 0 eng
010 ## - LIBRARY OF CONGRESS CONTROL NUMBER
LC control number 2008335874
020 ## - INTERNATIONAL STANDARD BOOK NUMBER
International Standard Book Number 9789993695325
100 0# - MAIN ENTRY--PERSONAL NAME
Personal name Palden, Ugyen.
Dates associated with a name
245 10 - TITLE STATEMENT
Title Koen chog sum /
Remainder of title
Statement of responsibility, etc. Ugyen Palden and Pema Gyaltshen.
250 ## - EDITION STATEMENT
Edition statement 1st ed.
260 ## - PUBLICATION, DISTRIBUTION, ETC.
Place of publication, distribution, etc. Thimphu :
Name of publisher, distributor, etc. Ugyen Palden and Pema Gyaltshen,
Date of publication, distribution, etc. 2015.
300 ## - PHYSICAL DESCRIPTION
Extent 32 p. ;
Dimensions 23 cm.
651 ## - SUBJECT ADDED ENTRY--GEOGRAPHIC NAME
Geographic name Bhutan
Form subdivision Fiction.
General subdivision
Chronological subdivision
Geographic subdivision
Source of heading or term
Holdings
Withdrawn status Lost status Source of classification or shelving scheme Damaged status Not for loan Collection code Home library Current library Shelving location Date acquired Serial Enumeration / chronology Inventory number Total Checkouts Full call number Barcode Date last seen Date last checked out Price effective from Koha item type
    Dewey Decimal Classification     Main TEST RTC Library RTC Library Main opac 13/03/2022 8770 1 895.1 PAL 30008849 19/03/2022 13/03/2022 27/11/2018 Main
Royal Thimphu College || All Right Reserved